000 01818ngm a22003610a 4500
001 PT35364
003 AR-LpoUNG
005 20210202000445.0
007 vd cvaizq
008 191001s2006||||ag |||||||||||||||||spa d
037 _c$1.12
040 _aAR-LpoUNG
_bspa
_cAR-LpoUNG
_eaacr
041 _aspa
044 _aag
082 0 _a982.065 327rio
100 1 _aNavoni, Ricardo
_edir.
245 1 0 _aNN :
_bni en el rio ni en las tumbas
260 _aBuenos Aires :
_bMiradas al sur,
_c2006.
300 _aDVD (38 min.) : son., col.
520 _aEste documental realizado en Verónica, Magdalena y las costas del Río de la Plata muestra las huellas de la larga noche iniciada en marzo de 1976. Esas marcas son los cuerpos muertos que aparecían en las costas de Punta Indio que denuncian un proceso planificado por el Estado en su conjunto, que consistía en el secuestro, tortura, muerte y en la desaparición, una vez más, ya muertos. Con los testimonios de bomberos, empleados municipales, sepultureros y abogados que denunciaron los enterramientos NN se reconstruyeron los hechos. Recortes periodísticos y material fotográfico nos introducen en el camino del 76 y reportajes al Premio Nobel de la Paz Adolfo Perez Esquivel junto a la Madre de Plaza de Mayo Laura Conte en la incansable lucha por la verdad. La frescura de los alumnos de Polimodal de Verónica realizadores de esta investigación, permite ver las contradicciones de lo que está frente a los ojos de una comunidad.
650 4 _aARGENTINA
650 4 _aDERECHOS HUMANOS
650 4 _aDICTADURA
650 4 _aGOBIERNO MILITAR
651 4 _aArgentina
653 _aCINE ARGENTINO
653 _aDOCUMENTALES
653 _aDVD
653 _aVIDEOS
700 1 _aFrias, Martín
_edir.
905 _a35364
942 _cDVD
999 _c54885
_d54885